| 000 | 00916cam a2200349 4500 | ||
|---|---|---|---|
| 001 | J110013 | ||
| 008 | 000000n2000 000 0 eng u | ||
| 035 | _a(Sirsi) u110013 | ||
| 050 | _a333.33 | ||
| 110 |
_aValuation Office _9264 |
||
| 245 | _aProperty market report - Autumn 2000 | ||
| 260 |
_aLondon _bEstates Gazette _c2000 |
||
| 300 | _a150p. ; 30cm. | ||
| 350 | _a45.00 | ||
| 650 | _aFARM LAND | ||
| 650 | _aHOUSE PRICES | ||
| 650 | _aINDUSTRIAL DEVELOPMENT LAND | ||
| 650 | _aLAND PRICES | ||
| 650 | _aLAND VALUES | ||
| 650 | _aOFFICES | ||
| 650 | _aPROPERTY INVESTMENT | ||
| 650 | _aRENTAL VALUES | ||
| 650 | _aRESIDENTIAL BUILDING LAND | ||
| 650 |
_aRESIDENTIAL PROPERTY _96266 |
||
| 650 | _aSHOPS | ||
| 650 | _aWAREHOUSES | ||
| 650 | _aYIELDS | ||
| 650 | _aSHOPPING CENTRE YIELDS | ||
| 650 | _aINDUSTRIAL PROPERTY | ||
| 690 | _aPROPERTY-COMMERCIAL PROPERTY | ||
| 942 | _n0 | ||
| 999 |
_c101038 _d101038 |
||